[Event "Polofinále MÈR juniorù 2013"]
[Site "Havlíèkùv Brod - hotel Slunce"]
[Date "2013.11.17"]
[Round "1.1"]
[White "Hánl, František"]
[Black "Kraus, Tomáš"]
[Result "0-1"]
[WhiteElo "1969"]
[BlackElo "2346"]
[PlyCount "50"]
[EventDate "2013.11.17"]

1. e4 c5 2. Nf3 d6 3. d4 cxd4 4. Nxd4 Nf6 5. Nc3 a6 6. Bg5 Nbd7 7. f4 Qc7 8.
Qf3 h6 9. Bh4 g5 10. fxg5 hxg5 11. Bxg5 Qc5 12. Bxf6 Nxf6 13. Nb3 Qe5 14. g3
Bh6 15. Bg2 Bg4 16. Qd3 Rc8 17. Qd4 Nd7 18. Rf1 Qxd4 19. Nxd4 Bg7 20. Nde2 Rxh2
21. Bf3 Ne5 22. Bxg4 Nxg4 23. O-O-O Ne3 24. Rh1 Rxe2 25. Nxe2 Rxc2+ 0-1

[Event "Polofinále MÈR juniorù 2013"]
[Site "Havlíèkùv Brod - hotel Slunce"]
[Date "2013.11.17"]
[Round "1.2"]
[White "Rabatin, Jakub"]
[Black "Chromík, Tomáš"]
[Result "1-0"]
[WhiteElo "2243"]
[BlackElo "1940"]
[PlyCount "67"]
[EventDate "2013.11.17"]

1. Nf3 Nf6 2. g3 g6 3. Bg2 Bg7 4. O-O O-O 5. d4 d5 6. c4 c6 7. Nc3 Bf5 8. cxd5
Nxd5 9. Nh4 Nxc3 10. bxc3 Bg4 11. h3 Be6 12. Qc2 Nd7 13. Rb1 Nb6 14. e4 Qd7 15.
Kh2 Bc4 16. Rd1 Rad8 17. Be3 Qc7 18. a4 Rd7 19. Nf3 Ba6 20. Bf4 Qc8 21. h4 Nc4
22. Qa2 Rfd8 23. Bf1 Nd6 24. Bxa6 bxa6 25. e5 Ne8 26. e6 Rd5 27. exf7+ Kxf7 28.
Ng5+ Kg8 29. Re1 Qd7 30. Qe2 Bf6 31. Ne6 Rc8 32. Qxa6 Nd6 33. c4 Nxc4 34. Qxc4
1-0

[Event "Polofinále MÈR juniorù 2013"]
[Site "Havlíèkùv Brod - hotel Slunce"]
[Date "2013.11.17"]
[Round "1.3"]
[White "Melichar, Vojtìch"]
[Black "Braun, Marek"]
[Result "1/2-1/2"]
[WhiteElo "1939"]
[BlackElo "2229"]
[PlyCount "42"]
[EventDate "2013.11.17"]

1. e4 d6 2. d4 Nf6 3. Nc3 Nbd7 4. Nf3 e5 5. Bc4 Be7 6. Ng5 O-O 7. Bxf7+ Rxf7 8.
Ne6 Qe8 9. Nxc7 Qd8 10. Nxa8 b6 11. O-O Ba6 12. Re1 Qxa8 13. d5 Qc8 14. a4 Nb8
15. f3 Bd8 16. Be3 Qd7 17. Qd2 Bc8 18. b4 a6 19. Ne2 a5 20. Reb1 Na6 21. c3 Qc7
1/2-1/2

[Event "Polofinále MÈR juniorù 2013"]
[Site "Havlíèkùv Brod - hotel Slunce"]
[Date "2013.11.17"]
[Round "1.4"]
[White "Seidl, Štìpán"]
[Black "Hájek, Oskar"]
[Result "0-1"]
[WhiteElo "2212"]
[BlackElo "1920"]
[PlyCount "128"]
[EventDate "2013.11.17"]

1. Nf3 Nf6 2. g3 g6 3. Bg2 Bg7 4. b3 O-O 5. O-O c5 6. Bb2 Nc6 7. c4 b6 8. e3
Bb7 9. d4 e6 10. dxc5 bxc5 11. Nc3 Rc8 12. Rc1 Qe7 13. Rc2 Rfd8 14. Rd2 Nb4 15.
a3 Na6 16. Qa1 d5 17. cxd5 exd5 18. Rfd1 Nc7 19. Ne1 Rd6 20. Na4 Ne6 21. Nc3
Rcd8 22. Nc2 d4 23. exd4 Bxg2 24. Kxg2 Qb7+ 25. d5 Nxd5 26. Nxd5 Rxd5 27. Rxd5
Rxd5 28. Rxd5 Qxd5+ 29. Kg1 Qxb3 30. Bxg7 Nxg7 31. Ne3 Nf5 32. Nxf5 gxf5 33.
Qc1 Qd5 34. Qg5+ Kf8 35. Qh6+ Ke7 36. Qh4+ Ke6 37. Qxh7 c4 38. Qh6+ Kd7 39. Qe3
Qd1+ 40. Kg2 Qd5+ 41. Qf3 Kc6 42. Qxd5+ Kxd5 43. Kf3 Kd4 44. Ke2 Kc3 45. h4 Kb3
46. h5 c3 47. h6 c2 48. h7 c1=Q 49. h8=Q Qb2+ 50. Qxb2+ Kxb2 51. a4 Kb3 52. a5
Kb4 53. a6 Kb5 54. Kf3 Kxa6 55. Kf4 Kb5 56. Kxf5 a5 57. g4 a4 58. f4 a3 59. Kf6
a2 60. f5 a1=Q+ 61. Kxf7 Qg1 62. f6 Qxg4 63. Kf8 Kc6 64. Ke7 Qd7+ 0-1

[Event "Polofinále MÈR juniorù 2013"]
[Site "Havlíèkùv Brod - hotel Slunce"]
[Date "2013.11.17"]
[Round "1.5"]
[White "Wagner, Vojtìch"]
[Black "Baláèek, Tadeáš"]
[Result "0-1"]
[WhiteElo "1887"]
[BlackElo "2201"]
[PlyCount "90"]
[EventDate "2013.11.17"]

1. e4 e6 2. d4 d5 3. exd5 exd5 4. Bd3 c5 5. c3 Nf6 6. Nf3 Bd6 7. O-O O-O 8.
Nbd2 Nc6 9. dxc5 Bxc5 10. Nb3 Bb6 11. Bg5 h6 12. Bh4 Bg4 13. Re1 g5 14. Bg3 Qd7
15. Bc2 Rfe8 16. Qd3 Ne4 17. Nfd4 f5 18. f3 f4 19. Bf2 Ne5 20. Qd1 Nxf2 21.
Kxf2 Bh5 22. Kf1 Nc4 23. Bf5 Qg7 24. Ne6 Qf7 25. Qxd5 Ne3+ 26. Rxe3 fxe3 27.
Qe4 Qf6 28. Nbd4 Bf7 29. Qg4 e2+ 30. Ke1 Bxd4 31. Nxd4 Qe5 32. Be4 Rad8 33.
Nxe2 Bg6 34. Ng3 h5 35. Nxh5 Bxe4 36. fxe4 Qxe4+ 37. Qxe4 Rxe4+ 38. Kf1 Rf8+
39. Kg1 Re2 40. Rf1 Rxf1+ 41. Kxf1 Rxb2 42. a4 Ra2 43. Nf6+ Kg7 44. Ne4 Rxa4
45. Nxg5 Rc4 0-1

[Event "Polofinále MÈR juniorù 2013"]
[Site "Havlíèkùv Brod - hotel Slunce"]
[Date "2013.11.17"]
[Round "1.6"]
[White "Szotkowski, Jakub"]
[Black "Liška, Jiøí"]
[Result "1-0"]
[WhiteElo "2183"]
[BlackElo "1865"]
[PlyCount "57"]
[EventDate "2013.11.17"]

1. d4 Nf6 2. c4 g6 3. Nc3 d5 4. Nf3 Bg7 5. cxd5 Nxd5 6. e4 Nxc3 7. bxc3 c5 8.
Bc4 O-O 9. h3 Nc6 10. Be3 Qa5 11. O-O cxd4 12. cxd4 Rd8 13. Qb3 e6 14. Rad1 Qc7
15. Bb5 Na5 16. Qb1 a6 17. Bd3 b5 18. Rc1 Nc4 19. Bxc4 bxc4 20. Nd2 c3 21. Nb3
a5 22. Qa1 a4 23. Rxc3 Qb6 24. Nc5 Bxd4 25. Bxd4 Rxd4 26. e5 Rb8 27. Qc1 Bb7
28. Qe3 Qb4 29. a3 1-0

[Event "Polofinále MÈR juniorù 2013"]
[Site "Havlíèkùv Brod - hotel Slunce"]
[Date "2013.11.17"]
[Round "1.7"]
[White "Liduch, Filip"]
[Black "Haman, Jakub"]
[Result "0-1"]
[WhiteElo "1856"]
[BlackElo "2182"]
[PlyCount "80"]
[EventDate "2013.11.17"]

1. e4 c5 2. Nf3 Nc6 3. d4 cxd4 4. Nxd4 Nf6 5. Nc3 d6 6. Be2 g6 7. O-O Bg7 8.
Be3 O-O 9. Qd2 Bd7 10. Rad1 Rc8 11. Rfe1 Ne5 12. Bg5 Re8 13. Kh1 Qa5 14. f4
Neg4 15. Rf1 h6 16. Bh4 Qh5 17. Bg3 e5 18. fxe5 Rxc3 19. Qxc3 Nxe4 20. Qf3
Nxg3+ 21. Qxg3 Bxe5 22. Rf4 Bxf4 23. Qxf4 Qe5 24. Rf1 f5 25. h3 Qxf4 26. Rxf4
Ne5 27. Kg1 Kg7 28. c3 Bc6 29. g4 fxg4 30. hxg4 Bd7 31. Kf1 Rf8 32. Rxf8 Kxf8
33. g5 hxg5 34. Kf2 Ke7 35. Kg3 Kf6 36. Bf3 Nc6 37. Bxc6 bxc6 38. a3 c5 39. Nf3
Kf5 40. Nd2 Be6 0-1

[Event "Polofinále MÈR juniorù 2013"]
[Site "Havlíèkùv Brod - hotel Slunce"]
[Date "2013.11.17"]
[Round "1.8"]
[White "Nguyen, Thai Dai Van"]
[Black "Stanèík, Jakub"]
[Result "1-0"]
[WhiteElo "2176"]
[BlackElo "1849"]
[PlyCount "45"]
[EventDate "2013.11.17"]

1. e4 c5 2. Nf3 d6 3. d4 cxd4 4. Nxd4 Nf6 5. Nc3 a6 6. Bg5 e6 7. f4 h6 8. Bh4
Be7 9. Qf3 Nbd7 10. O-O-O Qc7 11. Bd3 g5 12. fxg5 Ne5 13. Qe2 Nfg4 14. h3 hxg5
15. Bg3 Nf6 16. Rhf1 Bd7 17. Nf3 Nh5 18. Bh2 Ng6 19. Qd2 Nhf4 20. e5 Nxd3+ 21.
Qxd3 d5 22. Nxd5 Qa5 23. Nf6+ 1-0

[Event "Polofinále MÈR juniorù 2013"]
[Site "Havlíèkùv Brod - hotel Slunce"]
[Date "2013.11.17"]
[Round "1.9"]
[White "Navrátil, Marek"]
[Black "Macháò, Jan"]
[Result "0-1"]
[WhiteElo "1843"]
[BlackElo "2144"]
[PlyCount "32"]
[EventDate "2013.11.17"]

1. e4 c5 2. Nf3 d6 3. d4 cxd4 4. Nxd4 Nf6 5. Nc3 a6 6. Bg5 e6 7. f4 h6 8. Bh4
Be7 9. Qf3 Nbd7 10. O-O-O Qc7 11. g4 g5 12. fxg5 Ne5 13. Qg2 Nfxg4 14. Qd2 Ng6
15. Kb1 Nxh4 16. Qf4 h5 0-1

[Event "Polofinále MÈR juniorù 2013"]
[Site "Havlíèkùv Brod - hotel Slunce"]
[Date "2013.11.17"]
[Round "1.10"]
[White "Rubeš, Jan"]
[Black "Havelka, Jan"]
[Result "1-0"]
[WhiteElo "2142"]
[BlackElo "1835"]
[PlyCount "31"]
[EventDate "2013.11.17"]

1. e4 c5 2. Nf3 d6 3. d4 cxd4 4. Nxd4 Nf6 5. Nc3 a6 6. f4 e6 7. Bd3 Nbd7 8. O-O
b5 9. Kh1 Bb7 10. Qe2 Be7 11. e5 Nd5 12. f5 O-O 13. f6 N7xf6 14. exf6 Bxf6 15.
Nxe6 Nxc3 16. Bxh7+ 1-0

[Event "Polofinále MÈR juniorù 2013"]
[Site "Havlíèkùv Brod - hotel Slunce"]
[Date "2013.11.17"]
[Round "1.11"]
[White "Kopøiva, Martin"]
[Black "Stárek, Stanislav"]
[Result "0-1"]
[WhiteElo "1832"]
[BlackElo "2135"]
[PlyCount "104"]
[EventDate "2013.11.17"]

1. e4 g6 2. d4 Bg7 3. Nf3 d6 4. Nc3 c6 5. Bd3 b5 6. a3 Nd7 7. Be3 a6 8. Qd2 c5
9. O-O Bb7 10. Rfe1 Qc7 11. Rad1 Rd8 12. Bf1 b4 13. axb4 cxb4 14. Nd5 Bxd5 15.
exd5 a5 16. Bb5 Ngf6 17. Bc6 O-O 18. Qd3 Nb8 19. Qb5 Nxc6 20. dxc6 Rb8 21. Qa4
e6 22. Ra1 Ra8 23. Bd2 Rfc8 24. c3 bxc3 25. Bxc3 Nd5 26. Bxa5 Qxc6 27. Qd1 Rab8
28. b3 Qb5 29. b4 Nxb4 30. Bxb4 Qxb4 31. h3 Rc4 32. Qe2 Bxd4 33. Rab1 Qxb1 34.
Rxb1 Rxb1+ 35. Kh2 Rbc1 36. Qd2 Be5+ 37. Nxe5 dxe5 38. Qd6 Rc5 39. f4 exf4 40.
Qxf4 Kg7 41. Qd4+ e5 42. Qb2 R1c2 43. Qa1 Re2 44. Kh1 Rcc2 45. Qa5 Rc1+ 46. Kh2
Rf1 47. Kg3 Rff2 48. Kh4 Kh6 49. Qb6 f6 50. Qd6 g5+ 51. Kg4 Kg6 52. h4 Rxg2+
0-1

[Event "Polofinále MÈR juniorù 2013"]
[Site "Havlíèkùv Brod - hotel Slunce"]
[Date "2013.11.17"]
[Round "1.12"]
[White "Dobeš, Vojtìch"]
[Black "Tùma, Jan"]
[Result "1/2-1/2"]
[WhiteElo "2116"]
[BlackElo "1817"]
[PlyCount "143"]
[EventDate "2013.11.17"]

1. e4 c5 2. Nf3 Nc6 3. Nc3 d6 4. d4 cxd4 5. Nxd4 Nf6 6. Bg5 e5 7. Nf5 Bxf5 8.
exf5 Be7 9. Bc4 O-O 10. Bb3 Nd4 11. g4 Qa5 12. Bd2 Qc5 13. f3 Nxg4 14. Ne4 Bh4+
15. Kf1 Qc6 16. c3 Nxf5 17. Qe2 Nf6 18. Bc2 Nd4 19. cxd4 Qxc2 20. Bc3 Qxe2+ 21.
Kxe2 Rfd8 22. Nxf6+ Bxf6 23. Kd3 Rac8 24. Rac1 Rc6 25. Ba5 Rdc8 26. Rxc6 Rxc6
27. Re1 h5 28. dxe5 Bxe5 29. Bc3 f6 30. h3 Kf7 31. Re4 g5 32. Rb4 Rc7 33. Bd2
Bg3 34. Be3 a6 35. Rb6 Ke6 36. Rb4 Rg7 37. Rc4 f5 38. Rc8 g4 39. hxg4 fxg4 40.
Rh8 h4 41. fxg4 Rxg4 42. Rh6+ Kd5 43. Rh5+ Kc6 44. Ke2 Ra4 45. a3 Rc4 46. Kd3
b5 47. Rh7 a5 48. b3 Rg4 49. Rh5 a4 50. bxa4 Rxa4 51. Bc1 Bf2 52. Rh7 Bc5 53.
Kd2 Bxa3 54. Bxa3 Rxa3 55. Rxh4 Kc5 56. Kc2 d5 57. Rh8 Rg3 58. Rc8+ Kd4 59. Rb8
Rc3+ 60. Kd2 Rc5 61. Rh8 Kc4 62. Kc2 d4 63. Rd8 b4 64. Rh8 b3+ 65. Kb2 Rb5 66.
Rc8+ Kd3 67. Rh8 Re5 68. Rd8 Re4 69. Kxb3 Ke2 70. Rh8 d3 71. Rh2+ Ke3 72. Kc3
1/2-1/2

[Event "Polofinále MÈR juniorù 2013"]
[Site "Havlíèkùv Brod - hotel Slunce"]
[Date "2013.11.17"]
[Round "1.13"]
[White "Skoøepa, Jakub"]
[Black "Stachoò, Martin"]
[Result "0-1"]
[WhiteElo "1804"]
[BlackElo "2113"]
[PlyCount "130"]
[EventDate "2013.11.17"]

1. e4 c5 2. Nf3 e6 3. c4 a6 4. Nc3 Qc7 5. Be2 d6 6. O-O Nf6 7. d4 cxd4 8. Nxd4
Be7 9. Be3 Nbd7 10. Rc1 b6 11. Qd2 Bb7 12. f3 Rc8 13. Rfd1 O-O 14. Bf1 Rfe8 15.
Qf2 Ba8 16. a3 Qb8 17. b4 Bd8 18. Kh1 Bc7 19. Qg1 h5 20. Nb3 Bb7 21. Na4 Bc6
22. Nc3 Qa8 23. Be2 h4 24. c5 bxc5 25. bxc5 d5 26. exd5 Nxd5 27. Nxd5 Bxd5 28.
Nd4 Ne5 29. Qf1 a5 30. Bb5 Nc6 31. Nxc6 Bxc6 32. Bxc6 Qxc6 33. Rd4 Bd8 34. Rd6
Qa4 35. Qd3 Be7 36. Rc4 Qxc4 37. Qxc4 Bxd6 38. Qxh4 Bxc5 39. Bxc5 Rxc5 40. h3
Rb8 41. Qd4 Rd5 42. Qc4 Rg5 43. Qf4 Rgb5 44. Kh2 Rd8 45. Qc7 Rbd5 46. Qb6 Rc8
47. Qb2 Rcc5 48. Qb8+ Kh7 49. Qf4 Kg6 50. h4 Rf5 51. Qe4 Kf6 52. g4 Rfe5 53.
Qd4 Rcd5 54. Qc3 Rc5 55. Qd4 Rcd5 56. Qc3 Rc5 57. Qd4 Ke7 58. Kg3 g6 59. g5 Rf5
60. Qe4 Rc3 61. Qb7+ Kf8 62. Qb8+ Kg7 63. Qd6 Rfxf3+ 64. Kg2 Rxa3 65. Qd4+ Kh7
0-1

[Event "Polofinále MÈR juniorù 2013"]
[Site "Havlíèkùv Brod - hotel Slunce"]
[Date "2013.11.17"]
[Round "1.14"]
[White "Petr, Jan"]
[Black "Stuchlý, Ondøej"]
[Result "1-0"]
[WhiteElo "2112"]
[BlackElo "1803"]
[PlyCount "49"]
[EventDate "2013.11.17"]

1. d4 d5 2. Nf3 Nf6 3. c4 e6 4. g3 Be7 5. Bg2 O-O 6. O-O Nbd7 7. b3 c6 8. Nbd2
Re8 9. Bb2 b6 10. Rc1 Bb7 11. e3 Rc8 12. Qe2 Bf8 13. Rfd1 Qe7 14. e4 dxe4 15.
Nxe4 Nxe4 16. Qxe4 Nf6 17. Qh4 Red8 18. Re1 Ne8 19. Qf4 Qc7 20. Ne5 Nf6 21. Bh3
Rb8 22. Qg5 Be7 23. d5 exd5 24. Ng4 d4 25. Nh6+ 1-0

[Event "Polofinále MÈR juniorù 2013"]
[Site "Havlíèkùv Brod - hotel Slunce"]
[Date "2013.11.17"]
[Round "1.15"]
[White "Strnad, Jakub"]
[Black "Walek, Petr"]
[Result "1/2-1/2"]
[WhiteElo "1772"]
[BlackElo "2099"]
[PlyCount "91"]
[EventDate "2013.11.17"]

1. e4 c5 2. Nf3 Nc6 3. d4 cxd4 4. Nxd4 Nf6 5. Nc3 e5 6. Ndb5 d6 7. Bg5 a6 8.
Na3 b5 9. Nd5 Be7 10. Bxf6 Bxf6 11. c3 O-O 12. Nc2 Rb8 13. Be2 Bg5 14. Nce3 Be6
15. O-O a5 16. a3 Qd7 17. b4 a4 18. c4 bxc4 19. Bxc4 Nd4 20. Qd3 Kh8 21. f4
exf4 22. Nxf4 Nc6 23. Nxe6 fxe6 24. Ng4 e5 25. Qd5 Qxg4 26. Qxc6 Rbc8 27. Qxd6
Bf4 28. Be6 Qg6 29. Rad1 Rce8 30. Bc4 Qxe4 31. Qd3 Qb7 32. Bd5 Qb6+ 33. Kh1 Rd8
34. Qh3 Rf6 35. g3 Bh6 36. Rxf6 Qxf6 37. Rf1 Qg6 38. Qe6 Qd3 39. Bg2 Qd4 40.
Qe7 Rg8 41. Qe6 Bg5 42. Qc6 Rd8 43. Qe4 g6 44. Qf3 Qd7 45. Qc3 Qd4 46. Qf3
1/2-1/2

[Event "Polofinále MÈR juniorù 2013"]
[Site "Havlíèkùv Brod - hotel Slunce"]
[Date "2013.11.17"]
[Round "1.16"]
[White "Šlampa, Jan"]
[Black "Skoøepa, Tomáš"]
[Result "1-0"]
[WhiteElo "2097"]
[BlackElo "1766"]
[PlyCount "59"]
[EventDate "2013.11.17"]

1. e4 c5 2. d4 cxd4 3. c3 dxc3 4. Nxc3 Nc6 5. Nf3 d6 6. Bc4 e6 7. a3 a6 8. O-O
Nf6 9. Qe2 Be7 10. Rd1 Qc7 11. h3 O-O 12. Bf4 Rd8 13. Rac1 b5 14. Nxb5 axb5 15.
Bxb5 Bb7 16. Bxc6 Bxc6 17. Nd4 e5 18. Nxc6 exf4 19. Nxd8 Qxd8 20. e5 Ne8 21.
Qe4 Ra6 22. Rc3 Bg5 23. b4 Qe7 24. Qd3 Rb6 25. Qd4 Qb7 26. Rdc1 Ra6 27. Rc8 Qd7
28. R1c7 Qe6 29. Qc4 d5 30. Qxa6 1-0

[Event "Polofinále MÈR juniorù 2013"]
[Site "Havlíèkùv Brod - hotel Slunce"]
[Date "2013.11.17"]
[Round "1.17"]
[White "Babièka, Michal"]
[Black "Vykouk, Jan"]
[Result "0-1"]
[WhiteElo "1752"]
[BlackElo "2090"]
[PlyCount "74"]
[EventDate "2013.11.17"]

1. c4 e5 2. Nc3 Nf6 3. g3 Bb4 4. Bg2 Bxc3 5. bxc3 O-O 6. Nf3 Nc6 7. O-O d6 8.
Qc2 h6 9. d4 Re8 10. e3 e4 11. Nd2 Qe7 12. Rb1 b6 13. Ba3 Na5 14. c5 dxc5 15.
dxc5 Ba6 16. c4 Rad8 17. Rfe1 Rd3 18. Bb4 Qd7 19. cxb6 Nc6 20. Bc3 axb6 21. Rb2
Ne5 22. Bf1 Rxd2 23. Bxd2 Nf3+ 24. Kh1 Ng4 25. Bb4 Ngxh2 26. Rd1 Qe6 27. Bg2
Bxc4 28. Qa4 b5 29. Qc2 Qf5 30. Bxf3 Nxf3 31. Kg2 Ne5 32. Rd4 Nd3 33. Rb1 c5
34. Bc3 cxd4 35. Bxd4 Rd8 36. a4 Qf3+ 37. Kg1 Rd5 0-1

[Event "Polofinále MÈR juniorù 2013"]
[Site "Havlíèkùv Brod - hotel Slunce"]
[Date "2013.11.17"]
[Round "1.18"]
[White "Pùlpán, Jakub"]
[Black "Nosek, Jan"]
[Result "1-0"]
[WhiteElo "2089"]
[BlackElo "1717"]
[PlyCount "49"]
[EventDate "2013.11.17"]

1. e4 c5 2. Nf3 g6 3. d4 Bg7 4. Nc3 cxd4 5. Nxd4 Nc6 6. Be3 Nf6 7. Bc4 O-O 8.
Bb3 Ng4 9. Qxg4 Nxd4 10. Qd1 Nxb3 11. axb3 b6 12. Qd2 Bb7 13. O-O-O d6 14. Bh6
f5 15. Bxg7 Kxg7 16. Rhe1 Rc8 17. f4 fxe4 18. Nxe4 Bxe4 19. Rxe4 Qd7 20. Rde1
Rf7 21. Re6 Rc5 22. g4 Qb7 23. Kb1 Rc7 24. f5 Qf3 25. Qd4+ 1-0

[Event "Polofinále MÈR juniorù 2013"]
[Site "Havlíèkùv Brod - hotel Slunce"]
[Date "2013.11.17"]
[Round "1.19"]
[White "Kamarád, František"]
[Black "Kožúšek, Daniel"]
[Result "0-1"]
[WhiteElo "1713"]
[BlackElo "2085"]
[PlyCount "38"]
[EventDate "2013.11.17"]

1. e4 c5 2. Nf3 Nc6 3. d4 cxd4 4. Nxd4 Nf6 5. Nc3 e5 6. Ndb5 d6 7. Bg5 a6 8.
Bxf6 gxf6 9. Na3 b5 10. Nd5 f5 11. Qf3 Nd4 12. Qc3 Ra7 13. Bd3 Be6 14. Ne3 b4
15. Qxb4 d5 16. Qd2 fxe4 17. Bf1 Rb7 18. c3 Qa5 19. cxd4 Bb4 0-1

[Event "Polofinále MÈR juniorù 2013"]
[Site "Havlíèkùv Brod - hotel Slunce"]
[Date "2013.11.17"]
[Round "1.20"]
[White "Hrdina, Robin"]
[Black "Sucharda, David"]
[Result "1-0"]
[WhiteElo "2080"]
[BlackElo "1712"]
[PlyCount "155"]
[EventDate "2013.11.17"]

1. e4 e6 2. d3 d5 3. Nd2 Nf6 4. Ngf3 b6 5. e5 Nfd7 6. g3 Bb7 7. Bg2 c5 8. O-O
Nc6 9. Re1 Be7 10. Nf1 O-O 11. h4 Re8 12. Bf4 b5 13. c3 Qb6 14. N3h2 d4 15. h5
dxc3 16. bxc3 b4 17. Qg4 a5 18. Nd2 Ba6 19. Nc4 Bxc4 20. dxc4 Red8 21. Bh6 g6
22. hxg6 hxg6 23. Bg5 Ndxe5 24. Qh4 Bxg5 25. Qxg5 Rac8 26. Rxe5 Nxe5 27. Qxe5
Qd6 28. Qf6 Qd2 29. cxb4 cxb4 30. Bf1 Qd4 31. Qxd4 Rxd4 32. Nf3 Rd6 33. Be2 Kg7
34. Rb1 Rb6 35. Ne1 Kf6 36. Kg2 a4 37. Kf3 b3 38. a3 Rd6 39. Ke3 e5 40. Rb2
Rcd8 41. Nd3 Rd4 42. Nb4 Rc8 43. Nd5+ Ke6 44. Nb6 Rc5 45. Nxa4 Ra5 46. Nc3 Rxa3
47. Nb5 Ra2 48. Rxb3 Rdd2 49. Nc3 Rac2 50. c5 Rxe2+ 51. Nxe2 Rxc5 52. Ng1 f5
53. Rb6+ Kf7 54. Nh3 Rc3+ 55. Kd2 Ra3 56. Ng5+ Kg7 57. Rb7+ Kh6 58. Nf7+ Kh5
59. Nxe5 Ra5 60. f4 Kh6 61. Rb6 Kh7 62. Ke3 g5 63. Rf6 Ra3+ 64. Kf2 gxf4 65.
gxf4 Rb3 66. Rxf5 Kg7 67. Nf3 Kg6 68. Ra5 Rb4 69. Kg3 Kf6 70. Kg4 Rb6 71. Rh5
Rb4 72. Rh6+ Kg7 73. Ra6 Rb3 74. Ne5 Rb1 75. Kg5 Rg1+ 76. Kf5 Rf1 77. Ra7+ Kg8
78. Kg5 1-0

[Event "Polofinále MÈR juniorù 2013"]
[Site "Havlíèkùv Brod - hotel Slunce"]
[Date "2013.11.17"]
[Round "1.21"]
[White "Èermák, Jan"]
[Black "Toman, Ondøej"]
[Result "0-1"]
[WhiteElo "1685"]
[BlackElo "2080"]
[PlyCount "62"]
[EventDate "2013.11.17"]

1. e4 c5 2. Nf3 d6 3. d4 cxd4 4. Nxd4 Nf6 5. Nc3 a6 6. Be2 e6 7. O-O Be7 8. Be3
Qc7 9. Qd2 O-O 10. Bd3 b5 11. Nce2 Bb7 12. f3 Nbd7 13. c3 Ne5 14. b3 Nxd3 15.
Qxd3 d5 16. exd5 Nxd5 17. Bf2 Rac8 18. Rfc1 Ba3 19. Rc2 e5 20. Bg3 f6 21. b4
Qc4 22. Qxc4 Rxc4 23. Nb3 Bxb4 24. Rac1 Rfc8 25. Nd2 R4c7 26. Nb1 Bc5+ 27. Bf2
b4 28. Bxc5 Rxc5 29. Rb2 Ba8 30. Rb3 a5 31. Rd1 bxc3 0-1

[Event "Polofinále MÈR juniorù 2013"]
[Site "Havlíèkùv Brod - hotel Slunce"]
[Date "2013.11.17"]
[Round "1.22"]
[White "Èáp, Adam"]
[Black "Šolc, Filip"]
[Result "1-0"]
[WhiteElo "2075"]
[BlackElo "1676"]
[PlyCount "59"]
[EventDate "2013.11.17"]

1. e4 Nf6 2. e5 Nd5 3. d4 d6 4. c4 Nb6 5. exd6 exd6 6. Nc3 g6 7. Nf3 Bg4 8. h3
Bf5 9. Bg5 f6 10. Qe2+ Kf7 11. Be3 Bg7 12. g4 Bd7 13. O-O-O Re8 14. c5 Nc8 15.
Qc4+ Kf8 16. Bg2 Nc6 17. Rhe1 a6 18. d5 b5 19. Qb3 Na5 20. Qb4 c6 21. cxd6 c5
22. Bxc5 Nb7 23. Be3 a5 24. Qf4 Ncxd6 25. Nd4 Qc7 26. Kb1 b4 27. Ne4 Kf7 28.
Rc1 Qd8 29. Nxd6+ Nxd6 30. Qxd6 1-0

[Event "Polofinále MÈR juniorù 2013"]
[Site "Havlíèkùv Brod - hotel Slunce"]
[Date "2013.11.17"]
[Round "1.23"]
[White "Daòhel, Lukáš"]
[Black "Kratochvíl, Vít"]
[Result "0-1"]
[WhiteElo "1670"]
[BlackElo "2040"]
[PlyCount "70"]
[EventDate "2013.11.17"]

1. e4 c5 2. Nf3 d6 3. d4 cxd4 4. Nxd4 Nf6 5. Nc3 g6 6. Be3 Bg7 7. Bc4 O-O 8.
Bb3 Ng4 9. Bg5 Nc6 10. Nde2 Bd7 11. h3 Nf6 12. Qd2 Rc8 13. Bh6 Qa5 14. Bxg7
Kxg7 15. O-O b5 16. a3 Qb6 17. Nd5 Nxd5 18. Bxd5 Ne5 19. Bb3 Bc6 20. Nc3 a5 21.
Nd5 Bxd5 22. Bxd5 Rc7 23. Rac1 Rfc8 24. Rfe1 b4 25. Qe3 Qxe3 26. Rxe3 Rxc2 27.
Rxc2 Rxc2 28. axb4 axb4 29. Rb3 e6 30. Bb7 Rc4 31. f3 Nd7 32. Re3 Nc5 33. Bc6
Rc2 34. Re1 Nd3 35. Rd1 Nf4 0-1

[Event "Polofinále MÈR juniorù 2013"]
[Site "Havlíèkùv Brod - hotel Slunce"]
[Date "2013.11.17"]
[Round "1.24"]
[White "Øíha, Jaroslav"]
[Black "Gregor, Jiøí"]
[Result "1/2-1/2"]
[WhiteElo "2028"]
[BlackElo "1553"]
[PlyCount "74"]
[EventDate "2013.11.17"]

1. c4 e6 2. g3 d5 3. Bg2 Nf6 4. Nf3 Be7 5. O-O O-O 6. b3 Nbd7 7. Bb2 b6 8. d4
Bb7 9. Nbd2 c5 10. e3 Rc8 11. Rc1 h6 12. Ne5 Bd6 13. Qe2 Qc7 14. Nxd7 Qxd7 15.
Rfd1 dxc4 16. Bxb7 Qxb7 17. Nxc4 Be7 18. dxc5 Rxc5 19. Ne5 Rxc1 20. Rxc1 Rc8
21. Rd1 Rd8 22. Rxd8+ Bxd8 23. Ng4 Nxg4 24. Qxg4 f5 25. Qc4 Qd7 26. e4 Kf8 27.
exf5 exf5 28. Kg2 Be7 29. Bd4 Qb7+ 30. Kf1 Qh1+ 31. Ke2 Qe4+ 32. Be3 Qxc4+ 33.
bxc4 Bd6 34. h3 Kf7 35. Kd3 Bc5 36. Bxc5 bxc5 37. f4 Ke6 1/2-1/2

[Event "Polofinále MÈR juniorù 2013"]
[Site "Havlíèkùv Brod - hotel Slunce"]
[Date "2013.11.17"]
[Round "1.25"]
[White "Køíž, Vojtìch"]
[Black "Ptáèek, Tomáš"]
[Result "0-1"]
[WhiteElo "1546"]
[BlackElo "2024"]
[PlyCount "48"]
[EventDate "2013.11.17"]

1. e4 e6 2. d4 d5 3. exd5 exd5 4. Bd3 Nf6 5. Ne2 c5 6. c3 Nc6 7. Be3 c4 8. Bc2
Bd6 9. b3 cxb3 10. Bxb3 O-O 11. O-O Qc7 12. Ng3 Re8 13. Qd3 Bg4 14. Nd2 Rad8
15. c4 Qd7 16. cxd5 Nb4 17. Qc3 Rc8 18. Qb2 Bxg3 19. hxg3 Be2 20. Qa3 Bxf1 21.
Nxf1 Nbxd5 22. Ba4 Qe7 23. Qxe7 Rxe7 24. Rb1 Nc3 0-1

[Event "Polofinále MÈR juniorù 2013"]
[Site "Havlíèkùv Brod - hotel Slunce"]
[Date "2013.11.17"]
[Round "1.26"]
[White "Marek, Matyáš"]
[Black "Brož, Petr"]
[Result "1-0"]
[WhiteElo "2017"]
[BlackElo "1504"]
[PlyCount "71"]
[EventDate "2013.11.17"]

1. e4 c5 2. Nf3 d6 3. d4 cxd4 4. Nxd4 Nf6 5. Nc3 g6 6. Be3 Bg7 7. f3 O-O 8. Qd2
Nc6 9. Bc4 Bd7 10. O-O-O Rc8 11. Bb3 Ne5 12. Kb1 Nc4 13. Bxc4 Rxc4 14. g4 b5
15. h4 b4 16. Nce2 a5 17. h5 a4 18. Ng3 b3 19. cxb3 axb3 20. g5 bxa2+ 21. Ka1
Nxh5 22. Nxh5 gxh5 23. Qh2 h4 24. Qxh4 h6 25. Qg3 hxg5 26. Bxg5 f5 27. Bh6 Rf7
28. Rdg1 Rxd4 29. Bxg7 Rd1+ 30. Rxd1 Rxg7 31. Qh4 Kf7 32. Rxd6 Qc7 33. Qh5+ Kf8
34. Rg6 Qe5 35. Qh8+ Kf7 36. Rxg7+ 1-0

[Event "Polofinále MÈR juniorù 2013"]
[Site "Havlíèkùv Brod - hotel Slunce"]
[Date "2013.11.17"]
[Round "1.27"]
[White "Oèko, Dominik"]
[Black "Kozel, Jiøí"]
[Result "0-1"]
[WhiteElo "1493"]
[BlackElo "2014"]
[PlyCount "72"]
[EventDate "2013.11.17"]

1. e4 c5 2. Nf3 Nc6 3. d4 cxd4 4. Nxd4 e5 5. Nf3 Nf6 6. Bd3 d5 7. exd5 Nxd5 8.
O-O Bc5 9. Re1 Qb6 10. Qe2 f6 11. c3 a5 12. Nbd2 Nf4 13. Qf1 Bxf2+ 14. Qxf2
Qxf2+ 15. Kxf2 Nxd3+ 16. Ke2 Nxe1 17. Kxe1 Be6 18. Ne4 O-O-O 19. Be3 Bf5 20.
Nc5 Ne7 21. c4 Nc6 22. Nh4 Nb4 23. Ke2 Bg4+ 24. Kf2 Nc2 25. Rc1 Nxe3 26. Kxe3
b6 27. Ne4 Kb8 28. h3 Be6 29. b3 Rd7 30. c5 Rc8 31. c6 Rdc7 32. Nd6 Rxc6 33.
Nxc8 Rxc1 34. Ne7 Rc2 35. a3 Rc7 36. Nef5 g5 0-1

[Event "Polofinále MÈR juniorù 2013"]
[Site "Havlíèkùv Brod - hotel Slunce"]
[Date "2013.11.17"]
[Round "1.28"]
[White "Alfimov, Igor"]
[Black "Štùla, Petr"]
[Result "1-0"]
[WhiteElo "2008"]
[BlackElo "1426"]
[PlyCount "41"]
[EventDate "2013.11.17"]

1. d4 c6 2. c4 d5 3. Nc3 Bf5 4. Qb3 b6 5. cxd5 cxd5 6. Qxd5 Qxd5 7. Nxd5 Kd8 8.
e3 e6 9. Nc3 Bd6 10. Nf3 Nf6 11. Be2 Ke7 12. O-O Nbd7 13. Nb5 Rhe8 14. Nxd6
Kxd6 15. b3 Rac8 16. Ba3+ Kc7 17. Ba6 Rb8 18. Rac1+ Kd8 19. Bd6 Nd5 20. Ne5
N5f6 21. Nxf7# 1-0